|
|
|
|
| LEADER |
01102nam a2200253 a 4500 |
| 001 |
15125976 |
| 008 |
090531s2007 enk b 001 0 eng d |
| 010 |
|
|
|a 2008295155
|
| 020 |
|
|
|a 9780521875318 (hbk.)
|
| 020 |
|
|
|a 0521875315 (hbk.)
|
| 040 |
|
|
|a UKM
|c UKM
|d BAKER
|d BTCTA
|d BWKUK
|d YDXCP
|d DLC
|
| 082 |
0 |
4 |
|a 343.087
|2 22
|
| 100 |
1 |
|
|a Bhuiyan, Sharif.
|
| 245 |
1 |
0 |
|a National law in WTO law :
|b effectiveness and good governance in the world trading system /
|c Sharif Bhuiyan.
|
| 260 |
|
|
|a Cambridge, UK ;
|a New York :
|b Cambridge University Press,
|c c2007.
|
| 300 |
|
|
|a xli, 316 p. ;
|c 24 cm.
|
| 490 |
1 |
|
|a Cambridge studies in international and comparative law ;
|v 55
|
| 504 |
|
|
|a Includes bibliographical references, bibliography (p. 286-308), and index.
|
| 541 |
1 |
|
|e 00016804
|
| 650 |
|
0 |
|a Foreign trade regulation.
|
| 650 |
|
0 |
|a International and municipal law.
|
| 852 |
4 |
|
|a Ayesha Abed Library
|j General Shelf.
|
| 999 |
|
|
|c 1022
|d 1022
|
| 952 |
|
|
|0 0
|1 0
|2 ddc
|4 0
|6 343_087000000000000_BHU_2007
|7 0
|9 11304
|a BRACUL
|b BRACUL
|c GEN
|d 2010-06-28
|l 4
|m 4
|o 343.087 BHU
|p 3010016804
|r 2023-08-08
|s 2023-02-23
|t 1
|w 2010-06-28
|y BK
|